00613nam a2200205Ia 4500008004000000020001800040041000800058082001600066100001600082245003000098260003700128300000800165650001100173650001200184650001500196690001900211906001100230999001900241952014700260210210b2011 xxu||||| |||| 00| 0 eng d a9788131604465 aeng a362.83 MADW aMADHAVI (G) aWomens welfare programmes aJaipurbRawat Publicationsc2011 a208 aWomens awelfare aprogrammes aSocial Welfare a066552 c147892d147892 00102ddc40708Human RightsaALbALd2021-02-17eBook World Mangalore-3g575.00l0o362.83 MADWp066552r2021-02-17 00:00:00w2021-02-17yBK